Marketing Management (Record no. 3343)

MARC details
000 -LEADER
fixed length control field 00312nam a2200133Ia 4500
008 - FIXED-LENGTH DATA ELEMENTS--GENERAL INFORMATION
fixed length control field 191201s2007 xx 000 0 und d
100 ## - MAIN ENTRY--PERSONAL NAME
Personal name KELLER, Kevin Lane
245 #0 - TITLE STATEMENT
Title Marketing Management
250 ## - EDITION STATEMENT
Edition statement 12th
260 ## - PUBLICATION, DISTRIBUTION, ETC. (IMPRINT)
Place of publication, distribution, etc N.Delhi
Name of publisher, distributor, etc Pearson Education
Date of publication, distribution, etc 2007
300 ## - PHYSICAL DESCRIPTION
Extent 621
650 ## - SUBJECT ADDED ENTRY--TOPICAL TERM
Topical term or geographic name as entry element MBA
942 ## - ADDED ENTRY ELEMENTS (KOHA)
Source of classification or shelving scheme Dewey Decimal Classification
Koha item type Text Books
Holdings
Withdrawn status Lost status Source of classification or shelving scheme Damaged status Not for loan Collection code Home library Current library Date acquired Source of acquisition Cost, normal purchase price Bill Number Total Checkouts Acc. no. / Barcode Checked out Date last seen Date last borrowed Bill Date Koha item type Full call number
    Dewey Decimal Classification     MBA PIET C-LIBRARY PIET C-LIBRARY 28/01/2008 J B C, New Delhi 550.00 1909 1 8615 15/08/2022 14/02/2022 14/02/2022 09/10/2008 Text Books  
    Dewey Decimal Classification     MBA PIET C-LIBRARY PIET C-LIBRARY 28/01/2008 J B C, New Delhi 550.00 1909   8616   04/12/2019   09/10/2008 Text Books 658.8 KOM
    Dewey Decimal Classification     MBA PIET C-LIBRARY PIET C-LIBRARY 28/01/2008 J B C, New Delhi 550.00 1909 1 8617   12/04/2022 25/03/2022 09/10/2008 Text Books 658.8 KOM
    Dewey Decimal Classification     MBA PIET C-LIBRARY PIET C-LIBRARY 28/01/2008 J B C, New Delhi 550.00 1909   8618   04/12/2019   09/10/2008 Text Books 658.8 KOM
    Dewey Decimal Classification     MBA PIET C-LIBRARY PIET C-LIBRARY 28/01/2008 J B C, New Delhi 550.00 1909 1 8619   08/04/2022 29/03/2022 09/10/2008 Text Books 658.8 KOM

Design & Developed by: PIET Central Library
R70 Miles Stone Pattikalyana Samalkha Panipat 132102
mail ID :- [email protected], Phone No:- 0180-2569700 Ex.216